Speech science primer : (Record no. 117662)
[ view plain ]
| 000 -LEADER | |
|---|---|
| fixed length control field | 00714nam a2200205Ia 4500 |
| 005 - DATE AND TIME OF LATEST TRANSACTION | |
| control field | 20140610082956.0 |
| 008 - FIXED-LENGTH DATA ELEMENTS--GENERAL INFORMATION | |
| fixed length control field | 140529s9999 xx 000 0 und d |
| 020 ## - INTERNATIONAL STANDARD BOOK NUMBER | |
| International Standard Book Number | 9781608313570 |
| 050 ## - LIBRARY OF CONGRESS CALL NUMBER | |
| Classification number | P 95.B65 |
| Item number | .R217 2011 |
| 100 ## - MAIN ENTRY--PERSONAL NAME | |
| Personal name | Raphael, Lawrence J. |
| 245 ## - TITLE STATEMENT | |
| Title | Speech science primer : |
| Remainder of title | physiology, acoustics, and perception of speech / |
| Statement of responsibility, etc | Lawrence J. Raphael, Gloria J. Borden, Katherine S. Harris |
| 250 ## - EDITION STATEMENT | |
| Edition statement | 6th ed. |
| 260 ## - PUBLICATION, DISTRIBUTION, ETC. (IMPRINT) | |
| Place of publication, distribution, etc | Baltimore, MD : |
| Name of publisher, distributor, etc | Wolters Kluwer Health/Lippincott Williams & Wilkins, |
| Date of publication, distribution, etc | c2011. |
| 300 ## - PHYSICAL DESCRIPTION | |
| Extent | 333 p. : |
| Other physical details | ill. ; |
| Dimensions | 26 cm. |
| 500 ## - GENERAL NOTE | |
| General note | Includes glossary and index. |
| 650 ## - SUBJECT ADDED ENTRY--TOPICAL TERM | |
| Topical term or geographic name as entry element | Speech acoustics. |
| 650 ## - SUBJECT ADDED ENTRY--TOPICAL TERM | |
| Topical term or geographic name as entry element | Speech perception. |
| 942 ## - ADDED ENTRY ELEMENTS (KOHA) | |
| Koha item type | Books |
| Source of classification or shelving scheme | Library of Congress Classification |
| Withdrawn status | Lost status | Source of classification or shelving scheme | Damaged status | Home library | Current library | Shelving location | Date acquired | Source of acquisition | Cost, normal purchase price | Total Checkouts | Full call number | Barcode | Date last seen | Price effective from | Koha item type |
|---|---|---|---|---|---|---|---|---|---|---|---|---|---|---|---|
| Library of Congress Classification | College Library | College Library | General Circulation Section | 05/30/2014 | Donation | 5008.00 | P 95.B65 .R217 2011 | C15768 | 05/15/2018 | 05/30/2014 | Books |